Mbya guaraníes II : Kaaguy, el monte /

Mientras avanza la deforestación, el estado provincial cedió a Tekoa Arandu un terreno de 5 000 hectáreas, pero en el sentir del pueblo mbya la tierra es más grande. La nación guaraní toda, cada lugar donde habite un hermano mbya, les pertenece. Un recorrido por el monte con los mbya: ser mbya signi...

Descripción completa

Guardado en:
Autor Principal: Rousso, Julián
Autor Corporativo: Canal Encuentro.
Formato: Deslizar
Publicado: Argentina, 2007
Series:Pueblos Originarios I
Materias:
Acceso en línea:https://www.educ.ar/recursos/50510/mbya-guaranies-ii-kaaguy-el-monte
Etiquetas: Agregar Etiqueta
Sin Etiquetas, Sea el primero en etiquetar este registro!
LEADER 01487ngm a22003495g 4500
001 CEM.cems023985
008 130507s2007##################0###0#####d
005 20250804180216.0
245 1 0 |a Mbya guaraníes II :  |b Kaaguy, el monte /  |c Julián Rousso. 
260 |a Argentina,  |c 2007 
300 |a 28'. 
490 0 |a Pueblos Originarios I 
500 |a Consultar en ventanilla. 
538 |a Soporte: DVD - Grabación DRD 
520 |a Mientras avanza la deforestación, el estado provincial cedió a Tekoa Arandu un terreno de 5 000 hectáreas, pero en el sentir del pueblo mbya la tierra es más grande. La nación guaraní toda, cada lugar donde habite un hermano mbya, les pertenece. Un recorrido por el monte con los mbya: ser mbya significa pertenecer al monte. El monte es todo: alimento, remedio y expresión de Dios, de quien solo usan lo necesario, sin explotar la tierra. 
590 |a Identificación anterior registrada en SIABUC: D65 
100 1 |a Rousso, Julián 
710 2 |a Canal Encuentro. 
082 3 0 |/ ROU-1 
653 |a SOCIEDAD 
653 |a PUEBLOS ORIGINARIOS 
653 |a ABORIGENES 
653 |a INDIGENAS 
653 |a INDIGENISMO 
653 |a ETNIAS 
653 |a GUARANIES 
653 |a MBYA 
653 |a DEFORESTACION 
653 |a DESMONTE 
653 |a SERIE DE TELEVISIÓN 
856 |u https://www.educ.ar/recursos/50510/mbya-guaranies-ii-kaaguy-el-monte 
859 |a CEMS  |b BIB. CEMS - Depto. Recursos Didacticos  |h 301  |i ROU-1  |k DRD  |p 2628.16  |t Ej.1